BIBLIOTECA “JULIO CORTÁZAR”
ESCUELA AGROTÉCNICA “LIBERTADOR GENERAL SAN MARTÍN” - UNR – CASILDA

Logo Escuela Logo UNR

Tecnología 9 / (Record no. 1168)

MARC details
000 -LEADER
campo de control de longitud fija 01615nam#a22005895a#4500
001 - NÚMERO DE CONTROL
campo de control 1168
008 - DATOS DE LONGITUD FIJA--INFORMACIÓN GENERAL
campo de control de longitud fija 100426s2001####ag#a###j######001#0#spa#d
020 ## - NÚMERO INTERNACIONAL ESTÁNDAR DEL LIBRO
Número Internacional Estándar del Libro 9504609007
080 ## - NÚMERO DE LA CLASIFICACIÓN DECIMAL UNIVERSAL
Número de la Clasificación Decimal Universal 004
084 ## - OTRO NÚMERO DE CLASIFICACIÓN
Número de clasificación C54
040 ## - FUENTE DE CATALOGACIÓN
Centro catalogador/agencia de origen AR-ClEAG
Centro/agencia transcriptor AR-ClEAG
005 - FECHA Y HORA DE LA ÚLTIMA TRANSACCIÓN
campo de control 20241107184700.0
003 - IDENTIFICADOR DE NÚMERO DE CONTROL
campo de control AR-ClEAG
100 1# - ENTRADA PRINCIPAL--NOMBRE DE PERSONA
Nombre de persona Cirera, Ramón.
245 10 - MENCIÓN DEL TÍTULO
Título Tecnología 9 /
Mención de responsabilidad, etc. Ramón Cirera ... [et al.].
250 ## - MENCION DE EDICION
Mención de edición 1ª ed.
260 ## - PUBLICACIÓN, DISTRIBUCIÓN, ETC.
Lugar de publicación, distribución, etc. Buenos Aires :
Nombre del editor, distribuidor, etc. Santillana,
Fecha de publicación, distribución, etc. 2001.
300 ## - DESCRIPCIÓN FÍSICA
Extensión 160 p. :
Otras características físicas fot. col., il. col. ;
Dimensiones 28 cm.
490 0# - MENCIÓN DE SERIE
Mención de serie Claves
653 ## - TÉRMINO DE INDIZACIÓN--NO CONTROLADO
Término no controlado Sistemas de control
653 ## - TÉRMINO DE INDIZACIÓN--NO CONTROLADO
Término no controlado Tipos de controles
653 ## - TÉRMINO DE INDIZACIÓN--NO CONTROLADO
Término no controlado Sistemas electrónicos
653 ## - TÉRMINO DE INDIZACIÓN--NO CONTROLADO
Término no controlado Electrónica
653 ## - TÉRMINO DE INDIZACIÓN--NO CONTROLADO
Término no controlado Circuitos electrónicos
653 ## - TÉRMINO DE INDIZACIÓN--NO CONTROLADO
Término no controlado Historia de las computadoras
653 ## - TÉRMINO DE INDIZACIÓN--NO CONTROLADO
Término no controlado Tipos de computadoras
653 ## - TÉRMINO DE INDIZACIÓN--NO CONTROLADO
Término no controlado Robótica
653 ## - TÉRMINO DE INDIZACIÓN--NO CONTROLADO
Término no controlado Inteligencia artificial
653 ## - TÉRMINO DE INDIZACIÓN--NO CONTROLADO
Término no controlado Robots industriales
653 ## - TÉRMINO DE INDIZACIÓN--NO CONTROLADO
Término no controlado Circuitos hidráulicos
653 ## - TÉRMINO DE INDIZACIÓN--NO CONTROLADO
Término no controlado Circuitos neumáticos
653 ## - TÉRMINO DE INDIZACIÓN--NO CONTROLADO
Término no controlado Presión hidráulica
653 ## - TÉRMINO DE INDIZACIÓN--NO CONTROLADO
Término no controlado Era de la información
653 ## - TÉRMINO DE INDIZACIÓN--NO CONTROLADO
Término no controlado Transmisión de la información
653 ## - TÉRMINO DE INDIZACIÓN--NO CONTROLADO
Término no controlado Correos electrónicos
653 ## - TÉRMINO DE INDIZACIÓN--NO CONTROLADO
Término no controlado Telégrafos
653 ## - TÉRMINO DE INDIZACIÓN--NO CONTROLADO
Término no controlado Prensas
653 ## - TÉRMINO DE INDIZACIÓN--NO CONTROLADO
Término no controlado Teléfonos
653 ## - TÉRMINO DE INDIZACIÓN--NO CONTROLADO
Término no controlado Radios
653 ## - TÉRMINO DE INDIZACIÓN--NO CONTROLADO
Término no controlado Televisores
653 ## - TÉRMINO DE INDIZACIÓN--NO CONTROLADO
Término no controlado Biotecnología
653 ## - TÉRMINO DE INDIZACIÓN--NO CONTROLADO
Término no controlado Antibióticos
653 ## - TÉRMINO DE INDIZACIÓN--NO CONTROLADO
Término no controlado Anticuerpos
653 ## - TÉRMINO DE INDIZACIÓN--NO CONTROLADO
Término no controlado Tecnología médica
653 ## - TÉRMINO DE INDIZACIÓN--NO CONTROLADO
Término no controlado Artes visuales
653 ## - TÉRMINO DE INDIZACIÓN--NO CONTROLADO
Término no controlado Música electrónica
700 1# - ENTRADA AGREGADA--NOMBRE PERSONAL
Nombre de persona Fernández, Alfedo C.
700 1# - ENTRADA AGREGADA--NOMBRE PERSONAL
Nombre de persona Molina, Fernando.
700 1# - ENTRADA AGREGADA--NOMBRE PERSONAL
Nombre de persona Santurio, Wilson R.
700 1# - ENTRADA AGREGADA--NOMBRE PERSONAL
Nombre de persona Timpanaro, Alejandro E.
942 ## - ELEMENTOS DE ENTRADA SECUNDARIOS (KOHA)
Tipo de ítem Koha Libros
980 ## - EQUIVALENCIA O REFERENCIA-CRUZADA-MENCIÓN DE SERIE--NOMBRE DE PERSONA/TÍTULO [LOCAL, CANADÁ]
Enlace 2
Nombre de persona Evangelina Gallicchio
Enlace entre campo y número de secuencia 2
Información miscelánea Evangelina Gallicchio
Holdings
Estatus retirado Estado de pérdida Fuente del sistema de clasificación o colocación Estado de daño No para préstamo Biblioteca de origen Biblioteca actual Ubicación en estantería Fecha de adquisición Número de inventario Total de préstamos Signatura topográfica completa Código de barras Visto por última vez Precio de reemplazo Tipo de ítem Koha
    Clasificación decimal universal     Julio Cortázar Julio Cortázar   07/11/2024 1819   R7 004 C54 Ej.1 1819 07/11/2024 07/11/2024 Libros

Contacto

Biblioteca Julio Cortázar. Escuela Agrotécnica "Libertador San Martín". Universidad Nacional de Rosario
Dirección: Ov. Lagos 1000 - 2170 Casilda - Santa Fe - Argentina
Tel: (54) (03464) 422226.
Fax: (54) (03464) 427789.
E-Mail: biblio-eac@unr.edu.ar